| 000 | 00843nas a2200265 4500 | ||
|---|---|---|---|
| 001 | BR0802083 | ||
| 003 | BR-BrBNA | ||
| 005 | 20231205111915.0 | ||
| 007 | ta | ||
| 008 | 230509b bl.|||p| |||| 00| 00por d | ||
| 040 |
_aBR-BrBNA _bpor _cBiblioteca Nacional de Agricultura |
||
| 041 | _a(Pt) | ||
| 072 | _aM12 | ||
| 100 | 1 | _aGeath, A.M. | |
| 100 | 1 | _aHahn, N.S. | |
| 245 | 1 | _aAlimentação de Oligosarcus Longirostris Menezes Gery (Osteichthyes, Acestrorhynchinae)do reservatório de Salto Segredo, Paraná, Brasil | |
| 650 | _aPEIXE | ||
| 650 | _aLAMBARI | ||
| 650 | _aALIMENTO | ||
| 650 | _aDISTRIBUIÇÃO GEOGRÁFICA | ||
| 650 | _aPARANÁ | ||
| 773 | 0 |
_tRevista Brasileira de Zoologia (Brazil) _xISSN 0101-8175 _g(Dec 1998), v. 15(4) p. 985-993 _wBR0802083 |
|
| 909 |
_a202311 _bLúcia _c55 _dLúcia Elande |
||
| 942 |
_2AGRIS _n0 _cANA |
||
| 999 |
_c195077 _d195077 |
||